01153nam a2200277 a 450000100100000000500170001000800410002702000240006802000240009202000230011604000250013908200110016424501730017525000120034826000400036030000330040049000260043350000650045950000500052450501410057470000310071570000270074670000260077371000500079983000260084900004708220201002053336.0180417s2015 dr abc 000 0 spa d a9789945192469 (v.1) a9789945194951 (v.2) a9789945192797(v.3) aDO-SdBNPbspacBNPHU axxbxx00aCiencias de la naturaleza 4 :beducacion primaria /ctexto Ángela Segura de Óleo... [et. al] ; ilustración Ruddy Núñez ; dirección editorial Claudia Llibre. a2a. ed. aSanto Domingo :bSantillana,c2015. av. :bil. ;c29 cm.+eCD-ROM1 aProyecto todos juntos aActualización según el nuevo diseño curricular oficial aLa biblioteca posee la reimpresión del 20170 av.1 :tLibro de textogv. 2 :tGuía de recursos didáctios : segundo ciclo educacion primariagv. 3 :tCuaderno fichas de actividades1 aSegura de Óleo, Ángela1 aNúñez, Ruddyeils.1 aLlibre, Claudiaedir.2 aEditorial Santillana (República Dominicana)00aProyecto todos juntos